|
|
|
|
| LEADER |
00673cam a2200193 7i4500 |
| 001 |
0000028083 |
| 005 |
20091005090000.0 |
| 008 |
091005 bm |
| 020 |
|
|
|a 9789835012044 (hbk.)
|
| 040 |
|
|
|a OhCoOLI
|
| 090 |
0 |
0 |
|a RJ61
|b .F46 2002
|
| 100 |
1 |
|
|a Fenwick, Elizabeth
|
| 245 |
1 |
0 |
|a Buku panduan lengkap :
|b penjagaan ibu & anak
|c Elizabeth Fenwick; penterjemah Mary Huang Soo Lee.
|
| 260 |
|
|
|a Johor Bahru,
|c Penerbitan Pelangi Sdn. Bhd.,
|c 2002.
|
| 300 |
|
|
|a 256 p.:
|b col. ill.;
|c 29 cm.
|
| 500 |
|
|
|a Includes index
|
| 650 |
0 |
0 |
|a Children --
|x Health and hygiene
|
| 650 |
0 |
0 |
|a Pediatrics
|
| 999 |
|
|
|a 0000037287
|b BOK
|c REFERENCE
|e Ground Floor, Bestari Jaya
|